[Event "Ð§ÐµÐ¼Ð¿Ð¸Ð¾Ð½Ð°Ñ‚ ÐŸÐ¤Ðž Ð¿Ð¾ ÑˆÐ°Ñ…Ð¼Ð"]
[Site "Ð�Ð°Ð±ÐµÑ€ÐµÐ¶Ð½Ñ‹Ðµ Ð§ÐµÐ»Ð½Ñ"]
[Date "2024.03.23"]
[Round "4.20"]
[White "Ð�Ð³Ð¸Ð±Ð°Ð»Ð¾Ð², Ð¯ÐºÐ¾Ð²."]
[Black "ÐšÐ°Ñ€Ð»Ð¾Ð², Ð�Ð»ÐµÐºÑ�ÐµÐ¹."]
[Result "0-1"]
[WhiteElo "1632"]
[BlackElo "2131"]
[PlyCount "68"]
[EventDate "2024.03.20"]

1. d4 Nf6 2. c4 g6 3. Nc3 d5 4. cxd5 Nxd5 5. e4 Nxc3 6. bxc3 c5 7. Nf3 Bg7 8.
Bb5+ Nc6 9. O-O cxd4 10. cxd4 O-O 11. Be3 Bg4 12. Bxc6 bxc6 13. Rc1 Rc8 14. Qa4
Bxf3 15. gxf3 Qd7 16. Kg2 f5 17. Kg3 Rf7 18. Qc4 Rcf8 19. e5 f4+ 20. Kg2 Qf5
21. Bd2 Rc8 22. h4 g5 23. Qc2 Qe6 24. Qc4 Qg6 25. Qa6 Rff8 26. hxg5 Qxg5+ 27.
Kh2 Rcd8 28. Qxc6 Rf5 29. Qe6+ Kh8 30. Rfe1 Qh5+ 31. Kg2 Rg5+ 32. Kf1 Qxf3 33.
Qxe7 Qh3+ 34. Ke2 Rxe5+ 0-1

[Event "Ð§ÐµÐ¼Ð¿Ð¸Ð¾Ð½Ð°Ñ‚ ÐŸÐ¤Ðž Ð¿Ð¾ ÑˆÐ°Ñ…Ð¼Ð"]
[Site "Ð�Ð°Ð±ÐµÑ€ÐµÐ¶Ð½Ñ‹Ðµ Ð§ÐµÐ»Ð½Ñ"]
[Date "2024.03.23"]
[Round "4.21"]
[White "Ð•Ð²Ñ‚ÑƒÑ…Ð¾Ð², Ð›ÐµÐ²."]
[Black "Ð¥Ð°ÐºÐ¸Ð¼Ð¾Ð², Ð�Ð·Ð°Ñ‚."]
[Result "1/2-1/2"]
[WhiteElo "2019"]
[BlackElo "1790"]
[PlyCount "48"]
[EventDate "2024.03.20"]

1. d4 Nf6 2. c4 e6 3. Nf3 d5 4. Nc3 Bb4 5. Qa4+ Nc6 6. e3 O-O 7. Bd2 Bxc3 8.
Bxc3 Ne4 9. Bd3 f5 10. O-O Rf6 11. Qc2 Rh6 12. b4 g5 13. Bxe4 fxe4 14. Ne5 Nxe5
15. dxe5 g4 16. f3 Rxh2 17. Kxh2 Qh4+ 18. Kg1 g3 19. Rfc1 Qh2+ 20. Kf1 Qh1+ 21.
Ke2 Qxg2+ 22. Kd1 Qh1+ 23. Ke2 Qg2+ 24. Kd1 Qf1+ 1/2-1/2

[Event "Ð§ÐµÐ¼Ð¿Ð¸Ð¾Ð½Ð°Ñ‚ ÐŸÐ¤Ðž Ð¿Ð¾ ÑˆÐ°Ñ…Ð¼Ð"]
[Site "Ð�Ð°Ð±ÐµÑ€ÐµÐ¶Ð½Ñ‹Ðµ Ð§ÐµÐ»Ð½Ñ"]
[Date "2024.03.23"]
[Round "4.22"]
[White "ÐžÑ�Ð¸Ð¿Ð¾Ð², Ð•Ð³Ð¾Ñ€."]
[Black "Ð“Ð°Ð»Ð¸ÐµÐ², Ð Ð°Ñ�ÑƒÐ»ÑŒ."]
[Result "1/2-1/2"]
[WhiteElo "1873"]
[BlackElo "1744"]
[PlyCount "68"]
[EventDate "2024.03.20"]

1. Nf3 d5 2. g3 Nf6 3. Bg2 c6 4. O-O Bg4 5. d4 e6 6. c4 Nbd7 7. Qb3 Qb6 8. c5
Qxb3 9. axb3 Bxf3 10. Bxf3 e5 11. e3 Be7 12. Nc3 O-O 13. b4 a6 14. Rd1 Rfe8 15.
Bg2 Bf8 16. dxe5 Nxe5 17. Ne2 g6 18. b3 Bg7 19. Bb2 h5 20. Ra2 Rad8 21. Bd4 Nh7
22. Rad2 Rb8 23. Kf1 Kf8 24. Nf4 Ng4 25. h3 Nh6 26. Bxg7+ Kxg7 27. Rd4 Nf5 28.
R4d2 Nh6 29. Re1 Ng8 30. e4 dxe4 31. Rxe4 Rxe4 32. Bxe4 Ngf6 33. Bf3 Re8 34.
Rd4 Nf8 1/2-1/2

[Event "Ð§ÐµÐ¼Ð¿Ð¸Ð¾Ð½Ð°Ñ‚ ÐŸÐ¤Ðž Ð¿Ð¾ ÑˆÐ°Ñ…Ð¼Ð"]
[Site "Ð�Ð°Ð±ÐµÑ€ÐµÐ¶Ð½Ñ‹Ðµ Ð§ÐµÐ»Ð½Ñ"]
[Date "2024.03.23"]
[Round "4.23"]
[White "Ð•Ñ€Ð¸Ð½, Ð�Ð»ÐµÐºÑ�Ð°Ð½Ð´Ñ€."]
[Black "ÐœÐ¸Ð½Ñ…Ð°Ð¹Ð´Ð°Ñ€Ð¾Ð², Ð ÑƒÑ�Ð»Ð°Ð½."]
[Result "0-1"]
[WhiteElo "1738"]
[BlackElo "1946"]
[PlyCount "50"]
[EventDate "2024.03.20"]

1. e4 c5 2. Nf3 d6 3. Bb5+ Nd7 4. O-O a6 5. Bd3 Ngf6 6. Re1 e6 7. c3 b5 8. a4
c4 9. Bc2 Bb7 10. d4 cxd3 11. Qxd3 Nc5 12. Qe2 bxa4 13. Be3 Nfxe4 14. Bd4 Be7
15. Bxg7 Rg8 16. Bh6 Qd7 17. Rd1 e5 18. Kh1 O-O-O 19. Rg1 Rg4 20. Be3 Rdg8 21.
Ne1 Rh4 22. Bxc5 Nxc5 23. f3 f5 24. c4 Qe6 25. Nc3 Rxh2+ 0-1

[Event "Ð§ÐµÐ¼Ð¿Ð¸Ð¾Ð½Ð°Ñ‚ ÐŸÐ¤Ðž Ð¿Ð¾ ÑˆÐ°Ñ…Ð¼Ð"]
[Site "Ð�Ð°Ð±ÐµÑ€ÐµÐ¶Ð½Ñ‹Ðµ Ð§ÐµÐ»Ð½Ñ"]
[Date "2024.03.23"]
[Round "4.24"]
[White "Ð˜Ð³Ð½Ð°Ñ‚ÑŒÐµÐ², Ð�Ð»ÐµÐºÑ�ÐµÐ¹."]
[Black "Ð“Ñ€Ð¸ÑˆÑƒÐ½Ð¸Ð½, Ð�Ñ€Ñ‚ÑƒÑ€."]
[Result "1-0"]
[WhiteElo "2007"]
[BlackElo "1600"]
[PlyCount "95"]
[EventDate "2024.03.20"]

1. d4 Nf6 2. c4 g6 3. Nc3 Bg7 4. e4 d6 5. Nf3 O-O 6. Be2 e5 7. Be3 exd4 8. Nxd4
Re8 9. f3 c6 10. Bf2 d5 11. exd5 cxd5 12. O-O Nc6 13. c5 Nh5 14. Qd2 Nxd4 15.
Bxd4 Bxd4+ 16. Qxd4 Qf6 17. Rad1 Bd7 18. g4 Qxd4+ 19. Rxd4 Nf6 20. g5 Nh5 21.
f4 Bh3 22. Rfd1 Ng7 23. Bb5 Red8 24. Nxd5 Ne6 25. R4d3 Bf5 26. Ne7+ Kg7 27.
Rxd8 Rxd8 28. Rxd8 Nxd8 29. Nxf5+ gxf5 30. Bd7 f6 31. Bxf5 fxg5 32. fxg5 h6 33.
g6 Nc6 34. Be4 Nd8 35. Kf2 Ne6 36. b4 b6 37. cxb6 axb6 38. a4 Kf6 39. a5 bxa5
40. bxa5 Nc5 41. Ke3 Kg7 42. Bc2 Na6 43. Kd4 Nb4 44. Be4 Na6 45. Kc4 Nb8 46.
Kb4 Nd7 47. a6 Nf8 48. Bf5 1-0

[Event "Ð§ÐµÐ¼Ð¿Ð¸Ð¾Ð½Ð°Ñ‚ ÐŸÐ¤Ðž Ð¿Ð¾ ÑˆÐ°Ñ…Ð¼Ð"]
[Site "Ð�Ð°Ð±ÐµÑ€ÐµÐ¶Ð½Ñ‹Ðµ Ð§ÐµÐ»Ð½Ñ"]
[Date "2024.03.23"]
[Round "4.25"]
[White "Ð‘Ð¾Ñ€Ð¾Ð´Ð¸Ð½, Ð˜Ð²Ð°Ð½."]
[Black "Ð¡Ð°Ð±Ð¸Ñ€Ð¾Ð², Ð Ð°Ð´Ð¼Ð¸Ñ€."]
[Result "1-0"]
[WhiteElo "1785"]
[BlackElo "1542"]
[PlyCount "69"]
[EventDate "2024.03.20"]

1. Nf3 Nf6 2. c4 e6 3. g3 d5 4. Bg2 Be7 5. O-O O-O 6. d3 c6 7. Nc3 b6 8. e4
dxe4 9. dxe4 Bb7 10. Qe2 Nbd7 11. Rd1 Qc8 12. e5 Ne8 13. Bg5 Bxg5 14. Nxg5 h6
15. Qd3 Ndf6 16. exf6 hxg5 17. fxg7 Kxg7 18. Ne4 f6 19. Qe3 Rf7 20. Rd2 c5 21.
Rad1 Bxe4 22. Qxe4 Rb8 23. Bh3 Re7 24. f4 Qb7 25. Qe3 gxf4 26. gxf4 Kf8 27. Rg2
f5 28. Qe5 Rg7 29. Qxe6 Rxg2+ 30. Bxg2 Qf7 31. Qe5 Rc8 32. Rd3 Ng7 33. Rh3 Ne6
34. Rh8+ Ke7 35. Rxc8 1-0

[Event "Ð§ÐµÐ¼Ð¿Ð¸Ð¾Ð½Ð°Ñ‚ ÐŸÐ¤Ðž Ð¿Ð¾ ÑˆÐ°Ñ…Ð¼Ð"]
[Site "Ð�Ð°Ð±ÐµÑ€ÐµÐ¶Ð½Ñ‹Ðµ Ð§ÐµÐ»Ð½Ñ"]
[Date "2024.03.23"]
[Round "4.26"]
[White "Ð”Ð°Ð²Ñ‹Ð´Ð¾Ð², Ð¡ÐµÑ€Ð³ÐµÐ¹."]
[Black "Ð“Ð¸Ð½Ð´ÑƒÐ»Ð»Ð¸Ð½, Ð‘ÑƒÐ»Ð°Ñ‚."]
[Result "1-0"]
[WhiteElo "1972"]
[BlackElo "1573"]
[PlyCount "87"]
[EventDate "2024.03.20"]

1. c4 e6 2. Nc3 Nf6 3. e4 Nc6 4. Nf3 Bb4 5. e5 Ng4 6. d4 Bxc3+ 7. bxc3 d6 8. h3
Nh6 9. Bxh6 gxh6 10. Qc1 dxe5 11. dxe5 Qe7 12. Bd3 Qc5 13. Qf4 b6 14. Qf6 Rf8
15. O-O Bb7 16. Rfe1 Ne7 17. Nd2 O-O-O 18. Nb3 Qc6 19. Be4 Qd7 20. Bxb7+ Kxb7
21. Rad1 Qxd1 22. Rxd1 Rxd1+ 23. Kh2 Nc6 24. Qf3 Rfd8 25. Nd4 R1xd4 26. cxd4
Rxd4 27. Qxf7 Rxc4 28. Qxe6 Re4 29. Qxh6 Rxe5 30. Qxh7 Re2 31. Qf7 b5 32. h4 a5
33. h5 Re7 34. Qf8 b4 35. h6 a4 36. Qg8 Ne5 37. h7 Nf7 38. Qg7 c5 39. h8=Q Nxh8
40. Qxe7+ Kb6 41. Qd8+ Kb5 42. Qe8+ Ka5 43. Qxh8 b3 44. Qc3+ 1-0

[Event "Ð§ÐµÐ¼Ð¿Ð¸Ð¾Ð½Ð°Ñ‚ ÐŸÐ¤Ðž Ð¿Ð¾ ÑˆÐ°Ñ…Ð¼Ð"]
[Site "Ð�Ð°Ð±ÐµÑ€ÐµÐ¶Ð½Ñ‹Ðµ Ð§ÐµÐ»Ð½Ñ"]
[Date "2024.03.23"]
[Round "4.27"]
[White "Ð¢Ð¾ÑˆÐ¸Ð½, Ð¯Ñ€Ð¾Ñ�Ð»Ð°Ð²."]
[Black "Ð¨Ð¸Ð½ÐºÐ°Ñ€Ð¾Ð², Ð�Ñ€Ñ‚Ñ‘Ð¼."]
[Result "0-1"]
[WhiteElo "1664"]
[BlackElo "1910"]
[PlyCount "75"]
[EventDate "2024.03.20"]

1. e4 e6 2. d4 d5 3. Nc3 Nf6 4. e5 Nfd7 5. f4 c5 6. Nf3 Nc6 7. Be3 cxd4 8. Nxd4
a6 9. Qd2 Bc5 10. h4 O-O 11. h5 Bxd4 12. Bxd4 b5 13. a3 Bb7 14. Nd1 Nxd4 15.
Qxd4 f6 16. exf6 Qxf6 17. Qxf6 Rxf6 18. Rh4 e5 19. fxe5 Nxe5 20. Ne3 Re8 21.
O-O-O Nf7 22. Ng4 Rfe6 23. Nf2 Nd6 24. Nd3 Ne4 25. Nf4 Rf6 26. Be2 Ng5 27. g3
Rd6 28. Rg4 h6 29. Rd4 Bc8 30. Rh4 Bf5 31. Rh1 Re3 32. g4 Be4 33. Rhd1 Ne6 34.
Kd2 Nxd4 35. Kxe3 Nxc2+ 36. Kf2 Rf6 37. Kg3 Ne3 38. Bd3 0-1

[Event "Ð§ÐµÐ¼Ð¿Ð¸Ð¾Ð½Ð°Ñ‚ ÐŸÐ¤Ðž Ð¿Ð¾ ÑˆÐ°Ñ…Ð¼Ð"]
[Site "Ð�Ð°Ð±ÐµÑ€ÐµÐ¶Ð½Ñ‹Ðµ Ð§ÐµÐ»Ð½Ñ"]
[Date "2024.03.23"]
[Round "4.28"]
[White "o/oÑ�ÑƒÐ¿Ð¾Ð², ÐšÐ°Ð¼Ð¸Ð»ÑŒ."]
[Black "Ð›Ð°Ñ€Ñ†ÐµÐ², Ð’Ð»Ð°Ð´Ð¸Ñ�Ð»Ð°Ð²."]
[Result "0-1"]
[WhiteElo "1755"]
[BlackElo "1823"]
[PlyCount "75"]
[EventDate "2024.03.20"]

1. d4 Nf6 2. c4 g6 3. g3 Bg7 4. Bg2 O-O 5. Nf3 d6 6. O-O Nc6 7. Nc3 a6 8. d5
Na5 9. Qd3 c5 10. e4 b5 11. cxb5 axb5 12. Re1 Ba6 13. Qc2 Nd7 14. Bd2 Nc4 15.
Bf1 Ndb6 16. a3 Qd7 17. b3 Nxd2 18. Nxd2 e6 19. Rad1 exd5 20. Nxd5 Nxd5 21.
exd5 Bb7 22. Nb1 Rfc8 23. Qe4 Re8 24. Qd3 Bd4 25. Qf3 Re5 26. Rxe5 dxe5 27. Bg2
f5 28. a4 bxa4 29. bxa4 e4 30. Qe2 Bxd5 31. Bf1 Bb3 32. Rd2 Qxa4 33. Kg2 Qc6
34. f3 Bd5 35. fxe4 Bxe4+ 36. Kh3 g5 37. Qc4+ Kh8 38. Rxd4 0-1

[Event "Ð§ÐµÐ¼Ð¿Ð¸Ð¾Ð½Ð°Ñ‚ ÐŸÐ¤Ðž Ð¿Ð¾ ÑˆÐ°Ñ…Ð¼Ð"]
[Site "Ð�Ð°Ð±ÐµÑ€ÐµÐ¶Ð½Ñ‹Ðµ Ð§ÐµÐ»Ð½Ñ"]
[Date "2024.03.23"]
[Round "4.29"]
[White "Ð�Ñ…Ð¼ÐµÑ‚Ð¾Ð², Ð ÑƒÑ�Ð»Ð°Ð½."]
[Black "ÐœÐ¸Ð½Ð³Ð°Ð·ÑƒÑ‚Ð´Ð¸Ð½Ð¾Ð², Ð ÑƒÑ�Ð»Ð°Ð½."]
[Result "1-0"]
[WhiteElo "1782"]
[BlackElo "1759"]
[PlyCount "81"]
[EventDate "2024.03.20"]

1. d4 d5 2. Nc3 Nf6 3. Bg5 Nbd7 4. Nf3 e6 5. e4 h6 6. Bxf6 Nxf6 7. Bd3 Bb4 8.
exd5 Nxd5 9. Qd2 c5 10. a3 Qa5 11. O-O Bxc3 12. bxc3 Qxc3 13. Bb5+ Ke7 14. Qe2
Rd8 15. Ne5 Qxd4 16. Rfe1 Kf8 17. c4 Nc3 18. Qf3 f6 19. Rac1 Kg8 20. Ng6 Qd3
21. Rxc3 Qxg6 22. Rd1 Rd4 23. Rcd3 e5 24. Rxd4 cxd4 25. Qd5+ Kh7 26. c5 Bf5 27.
f3 Rc8 28. Qxb7 Rxc5 29. Qb8 Rc2 30. Bf1 d3 31. Qxa7 h5 32. Qe3 Kh8 33. Ra1 e4
34. a4 exf3 35. Qxf3 Be4 36. Qh3 d2 37. Rd1 Qg5 38. Be2 Rc1 39. Bxh5 Qc5+ 40.
Kf1 Bc6 41. Bf7+ 1-0

[Event "Ð§ÐµÐ¼Ð¿Ð¸Ð¾Ð½Ð°Ñ‚ ÐŸÐ¤Ðž Ð¿Ð¾ ÑˆÐ°Ñ…Ð¼Ð"]
[Site "Ð�Ð°Ð±ÐµÑ€ÐµÐ¶Ð½Ñ‹Ðµ Ð§ÐµÐ»Ð½Ñ"]
[Date "2024.03.23"]
[Round "4.30"]
[White "Ð¯ÐºÑƒÐ¿Ð¾Ð², Ð�Ð°Ð¸Ð»ÑŒ."]
[Black "ÐœÑƒÐ»Ð»Ð°Ð³Ð°Ð»Ð¸ÐµÐ², Ð�Ð°Ñ„Ð¸Ñ�."]
[Result "0-1"]
[WhiteElo "1564"]
[BlackElo "1881"]
[PlyCount "92"]
[EventDate "2024.03.20"]

1. d4 d5 2. Nc3 c6 3. e4 dxe4 4. Nxe4 Nf6 5. Nxf6+ gxf6 6. c3 Bf5 7. Bd3 Bg6 8.
Nf3 e6 9. Bf4 Nd7 10. h4 Bh5 11. Be2 Nb6 12. Qb3 a5 13. a4 Rg8 14. Bg3 Bh6 15.
O-O f5 16. Rfe1 f4 17. Bh2 Qd5 18. Qxd5 Nxd5 19. Kh1 Ke7 20. Ne5 Bxe2 21. Rxe2
Rg7 22. f3 Ne3 23. Bg1 Nf5 24. Bf2 Rag8 25. Ng4 Rg6 26. Rg1 Bf8 27. Rd2 Ng3+
28. Bxg3 fxg3 29. Rb1 f5 30. Ne5 Rh6 31. b4 Rxh4+ 32. Kg1 Bh6 33. Re2 Rg5 34.
Ree1 Rgh5 35. Kf1 Bd2 36. Red1 Bxc3 37. bxa5 Bxd4 38. Rxb7+ Kf6 39. Nxc6 Bc3
40. Rdd7 Rxa4 41. Rf7+ Kg6 42. Rf8 Ra2 43. Ne7+ Kh6 44. Ng8+ Kg5 45. f4+ Kxf4
46. Rxh7 Rxh7 0-1

[Event "Ð§ÐµÐ¼Ð¿Ð¸Ð¾Ð½Ð°Ñ‚ ÐŸÐ¤Ðž Ð¿Ð¾ ÑˆÐ°Ñ…Ð¼Ð"]
[Site "Ð�Ð°Ð±ÐµÑ€ÐµÐ¶Ð½Ñ‹Ðµ Ð§ÐµÐ»Ð½Ñ"]
[Date "2024.03.23"]
[Round "4.31"]
[White "Ð�Ð³Ð¸ÑˆÐµÐ², Ð­Ð¼Ð¸Ð»ÑŒ."]
[Black "Ð¨Ð°Ñ…ÑƒÑ€Ð´Ð¸Ð½, Ð¢Ð¸Ð¼Ð¾Ñ„ÐµÐ¹."]
[Result "1/2-1/2"]
[WhiteElo "1530"]
[BlackElo "1875"]
[PlyCount "98"]
[EventDate "2024.03.20"]

1. e4 c5 2. Nf3 d6 3. d4 cxd4 4. Nxd4 Nf6 5. Nc3 a6 6. Bg5 e6 7. f4 Be7 8. Qf3
Qc7 9. O-O-O O-O 10. g4 Nbd7 11. h4 b5 12. Bxf6 Nxf6 13. g5 Nd7 14. h5 Nc5 15.
a3 Rb8 16. Rg1 b4 17. axb4 Rxb4 18. f5 Bd8 19. f6 Qb6 20. fxg7 Kxg7 21. g6 h6
22. gxf7+ Kh7 23. Bh3 Rxd4 24. Rxd4 Nb3+ 25. cxb3 Qxd4 26. Rg6 Qe5 27. Kb1 Bg5
28. Na4 Qf4 29. Qxf4 Bxf4 30. Rf6 Be5 31. Rf1 Bd4 32. Rd1 e5 33. Bxc8 Rxc8 34.
Rf1 Kg7 35. Nc3 Rf8 36. Nd5 Rxf7 37. Rxf7+ Kxf7 38. b4 Ke6 39. Kc2 Bf2 40. b3
Bh4 41. Kd3 Kd7 42. Kc4 Kc6 43. Ne3 Bf6 44. Nd5 Bg5 45. Nc3 Bd2 46. Nd5 Be1 47.
Ne7+ Kd7 48. Nd5 Kc6 49. Ne7+ Kd7 1/2-1/2

[Event "Ð§ÐµÐ¼Ð¿Ð¸Ð¾Ð½Ð°Ñ‚ ÐŸÐ¤Ðž Ð¿Ð¾ ÑˆÐ°Ñ…Ð¼Ð"]
[Site "Ð�Ð°Ð±ÐµÑ€ÐµÐ¶Ð½Ñ‹Ðµ Ð§ÐµÐ»Ð½Ñ"]
[Date "2024.03.23"]
[Round "4.32"]
[White "Ð¨Ð°Ñ€Ð¸Ð¿Ð¾Ð², Ð­Ð´ÑƒÐ°Ñ€Ð´."]
[Black "Ð“Ñ€Ð¸Ð±ÐºÐ¾Ð², Ð¡ÐµÑ€Ð³ÐµÐ¹."]
[Result "1-0"]
[WhiteElo "1747"]
[BlackElo "800"]
[PlyCount "167"]
[EventDate "2024.03.20"]

1. e4 e6 2. d4 d5 3. exd5 exd5 4. Bd3 Nc6 5. c3 Bd6 6. Qf3 Nge7 7. Ne2 Be6 8.
Bf4 Ng6 9. Bxd6 Qxd6 10. h4 h5 11. Qe3 O-O-O 12. Bxg6 fxg6 13. O-O Bf5 14. Ng3
Rdf8 15. Nd2 Bg4 16. Qg5 Ne7 17. Qe5 Qxe5 18. dxe5 Rf4 19. Rae1 Re8 20. Re3 Nf5
21. Nxf5 Bxf5 22. g3 Ra4 23. a3 d4 24. cxd4 Rxd4 25. Nf3 Rd3 26. Rxd3 Bxd3 27.
Re1 Bf5 28. Nd4 Kd7 29. Nxf5 gxf5 30. Kg2 Ke6 31. f4 Rd8 32. Kf3 c5 33. Ke3 c4
34. Kf3 Rd2 35. Re2 Rd3+ 36. Re3 Rd2 37. Re2 Rd3+ 38. Kf2 b5 39. Rc2 a5 40. a4
bxa4 41. Rxc4 Rd2+ 42. Kf1 Rxb2 43. Rxa4 Rb3 44. Kg2 Rb2+ 45. Kh3 Rb5 46. Ra3
Kd5 47. Kg2 Ke4 48. Ra4+ Kd5 49. Kf3 Rb3+ 50. Kf2 Rb2+ 51. Kf3 Rb3+ 52. Kf2
Rb2+ 53. Ke1 Rb3 54. Rxa5+ Ke6 55. Kf2 Rb2+ 56. Kf3 Rb3+ 57. Kg2 Rb2+ 58. Kh3
Rb7 59. Ra6+ Ke7 60. Ra3 g6 61. Kg2 Rb2+ 62. Kf3 Rd2 63. Ke3 Rd1 64. Ra7+ Kf8
65. Ra3 Ke7 66. Rd3 Rg1 67. Kd4 Rb1 68. Kd5 Rc1 69. Rb3 Rd1+ 70. Kc4 Rc1+ 71.
Rc3 Rb1 72. Kd5 Rd1+ 73. Kc6 Rd8 74. Kc7 Rd7+ 75. Kb6 Rd4 76. Rc7+ Kf8 77. Kc6
Rd3 78. Rd7 Rxg3 79. Kd6 Ke8 80. Ra7 Rb3 81. Ra8+ Kf7 82. e6+ Kg7 83. e7 Rd3+
84. Kc5 1-0

[Event "Ð§ÐµÐ¼Ð¿Ð¸Ð¾Ð½Ð°Ñ‚ ÐŸÐ¤Ðž Ð¿Ð¾ ÑˆÐ°Ñ…Ð¼Ð"]
[Site "Ð�Ð°Ð±ÐµÑ€ÐµÐ¶Ð½Ñ‹Ðµ Ð§ÐµÐ»Ð½Ñ"]
[Date "2024.03.23"]
[Round "4.34"]
[White "ÐœÐ¸Ñ‚o^ÑˆÐºÐ¸Ð½, ÐœÐ°Ñ€Ð°Ñ‚."]
[Black "Ð‘Ð¾Ñ€Ñ‰, Ð�Ð»ÐµÐºÑ�Ð°Ð½Ð´Ñ€."]
[Result "0-1"]
[WhiteElo "1923"]
[BlackElo "1820"]
[PlyCount "114"]
[EventDate "2024.03.20"]

1. d4 d5 2. c4 dxc4 3. e3 Nf6 4. Bxc4 e6 5. Nf3 c5 6. Nc3 Nc6 7. O-O cxd4 8.
exd4 Be7 9. h3 O-O 10. Be3 a6 11. Qe2 b5 12. Bb3 Bb7 13. Rfd1 Nb4 14. a4 bxa4
15. Nxa4 Qd6 16. Nc5 Bc6 17. Ne5 Bd5 18. Bxd5 Nfxd5 19. Nb7 Qc7 20. Na5 Qc2 21.
Qf3 Qxb2 22. Rdc1 Nxe3 23. fxe3 Nd5 24. Nac6 Bg5 25. Nc4 Qb3 26. Kf2 Rac8 27.
N6a5 Qd3 28. Qe2 Qg6 29. g3 Qf5+ 30. Qf3 Qxh3 31. Rh1 Qf5 32. e4 Qxf3+ 33. Kxf3
Nb4 34. Rhd1 f5 35. e5 Rfd8 36. Nb7 Rd5 37. Nbd6 Rb8 38. Rdb1 Rxd4 39. Ra4 Nc6
40. Rxb8+ Nxb8 41. Rb4 Nd7 42. Rb7 Nxe5+ 43. Kg2 h6 44. Nxe5 Rxd6 45. Ra7 Bf6
46. Nc4 Rc6 47. Na5 Rc2+ 48. Kf3 Bd4 49. Ra8+ Kh7 50. g4 Rf2+ 51. Kg3 f4+ 52.
Kh3 Rf3+ 53. Kh2 Rg3 54. Nc6 Bg1+ 55. Kh1 f3 56. Ne5 Bd4 57. Nxf3 Rxf3 0-1

[Event "Ð§ÐµÐ¼Ð¿Ð¸Ð¾Ð½Ð°Ñ‚ ÐŸÐ¤Ðž Ð¿Ð¾ ÑˆÐ°Ñ…Ð¼Ð"]
[Site "Ð�Ð°Ð±ÐµÑ€ÐµÐ¶Ð½Ñ‹Ðµ Ð§ÐµÐ»Ð½Ñ"]
[Date "2024.03.23"]
[Round "4.35"]
[White "Ð“ÑƒÐ»Ñ�Ð½, Ð�Ñ€Ñ‚ÑƒÑ€."]
[Black "ÐœÑƒÑ�Ð¸Ð½, Ð Ð°Ð¼Ð°Ð·Ð°Ð½."]
[Result "1-0"]
[WhiteElo "1568"]
[BlackElo "1552"]
[PlyCount "24"]
[EventDate "2024.03.20"]

1. d4 d5 2. c4 e6 3. Nc3 c6 4. e4 dxe4 5. Nxe4 Bb4+ 6. Bd2 Qxd4 7. Bxb4 Qxe4+
8. Be2 Na6 9. Ba5 b6 10. Qd6 Ne7 11. O-O-O O-O 12. Qxe7 bxa5 1-0

[Event "Ð§ÐµÐ¼Ð¿Ð¸Ð¾Ð½Ð°Ñ‚ ÐŸÐ¤Ðž Ð¿Ð¾ ÑˆÐ°Ñ…Ð¼Ð"]
[Site "Ð�Ð°Ð±ÐµÑ€ÐµÐ¶Ð½Ñ‹Ðµ Ð§ÐµÐ»Ð½Ñ"]
[Date "2024.03.23"]
[Round "4.36"]
[White "ÐŸÐ¾Ñ�Ð°Ð¶ÐµÐ½ÐºÐ¾Ð², Ð�Ð¸ÐºÐ¸Ñ‚Ð°."]
[Black "Ð“Ð°Ñ€ÐµÐµÐ², Ð˜Ñ�ÐºÐ°Ð½Ð´ÐµÑ€."]
[Result "1-0"]
[WhiteElo "1677"]
[BlackElo "1549"]
[PlyCount "93"]
[EventDate "2024.03.20"]

1. d4 d5 2. Bf4 Nf6 3. e3 e6 4. Nf3 Be7 5. Nbd2 O-O 6. Bd3 Nbd7 7. O-O c6 8. c4
Re8 9. h3 Nf8 10. c5 b6 11. b4 Bb7 12. Qc2 Qc8 13. Rfc1 h6 14. Ne5 N6d7 15. a3
Nxe5 16. Bxe5 Bd8 17. Bh2 Bf6 18. f4 Nd7 19. a4 a5 20. cxb6 axb4 21. Nb3 Nxb6
22. Nc5 Be7 23. Nxb7 Qxb7 24. a5 Nd7 25. Qxc6 Qxc6 26. Rxc6 Ra7 27. a6 Rb8 28.
f5 Rba8 29. fxe6 fxe6 30. Rxe6 Nb8 31. e4 Bf6 32. Be5 Bxe5 33. dxe5 dxe4 34.
Bxe4 Rxa6 35. Raxa6 Rxa6 36. Re8+ Kf7 37. Rxb8 Ra5 38. Rb7+ Kf8 39. e6 Re5 40.
Rf7+ Kg8 41. Bc2 Rxe6 42. Rb7 Rf6 43. Rxb4 g5 44. Rb7 Kf8 45. g4 Ke8 46. Bf5
Rd6 47. Kf2 1-0

[Event "Ð§ÐµÐ¼Ð¿Ð¸Ð¾Ð½Ð°Ñ‚ ÐŸÐ¤Ðž Ð¿Ð¾ ÑˆÐ°Ñ…Ð¼Ð"]
[Site "Ð�Ð°Ð±ÐµÑ€ÐµÐ¶Ð½Ñ‹Ðµ Ð§ÐµÐ»Ð½Ñ"]
[Date "2024.03.23"]
[Round "4.9"]
[White "Ð¡Ð°Ñ„Ð¸Ð½, Ð Ð¾Ð±ÐµÑ€Ñ‚."]
[Black "Ð“Ð°Ð»Ñ�Ð²Ð¸ÐµÐ², Ð¡Ð°Ð¼Ð°Ñ‚."]
[Result "1-0"]
[WhiteElo "2207"]
[BlackElo "1959"]
[PlyCount "62"]
[EventDate "2024.03.20"]

1. d4 Nf6 2. c4 e6 3. Nf3 Bb4+ 4. Bd2 Qe7 5. Qc2 Bxd2+ 6. Nbxd2 d6 7. e3 O-O 8.
Be2 e5 9. dxe5 dxe5 10. O-O e4 11. Nd4 c5 12. Nb5 Nc6 13. Rfd1 Bf5 14. Nf1 Rad8
15. Nc3 Qe5 16. Rxd8 Rxd8 17. Rd1 Kf8 18. Rxd8+ Nxd8 19. Qa4 a6 20. Qa5 Ke8 21.
Ng3 Bg6 22. h4 h6 23. Qa4+ Ke7 24. Qa3 Qd6 25. Na4 Nc6 26. Qb3 Nd8 27. Qc3 Kd7
28. a3 b6 29. b4 Ne6 30. Qb2 Ke7 31. Nc3 Kd7 1-0

[Event "Ð§ÐµÐ¼Ð¿Ð¸Ð¾Ð½Ð°Ñ‚ ÐŸÐ¤Ðž Ð¿Ð¾ ÑˆÐ°Ñ…Ð¼Ð"]
[Site "Ð�Ð°Ð±ÐµÑ€ÐµÐ¶Ð½Ñ‹Ðµ Ð§ÐµÐ»Ð½Ñ"]
[Date "2024.03.23"]
[Round "4.10"]
[White "ÐšÐ°Ñ€Ð¿ÐµÑˆÐ¾Ð², Ð”Ð¼Ð¸Ñ‚Ñ€Ð¸Ð¹."]
[Black "Ð¡ÐºÐ°~~ÐºÐ¾Ð², Ð’Ð°Ð»ÐµÑ€Ð¸Ð¹."]
[Result "0-1"]
[WhiteElo "2048"]
[BlackElo "2200"]
[PlyCount "108"]
[EventDate "2024.03.20"]

1. c4 Nf6 2. Nc3 e5 3. Nf3 Nc6 4. g3 Nd4 5. e3 Nxf3+ 6. Qxf3 c6 7. h3 d5 8.
cxd5 Nxd5 9. Nxd5 Qxd5 10. Qxd5 cxd5 11. b3 Bd6 12. Bb2 Ke7 13. Bg2 Be6 14. Ke2
Rhc8 15. Rhc1 Rc6 16. Rxc6 bxc6 17. d4 e4 18. h4 Rb8 19. Bc3 h6 20. Kd2 g5 21.
hxg5 hxg5 22. Rh1 Kf6 23. Rh6+ Kg7 24. Rh1 Bg4 25. Bf1 Bf3 26. Rh3 Bg4 27. Rh1
Bf3 28. Rh3 f5 29. Ke1 Kg6 30. Ba6 Bg2 31. Rh2 Bf3 32. Rh3 Rb6 33. Bc8 Rb8 34.
Ba6 Ba3 35. Kd2 Be7 36. Ba5 Bd6 37. Ke1 c5 38. dxc5 Bxc5 39. Bc3 Rb6 40. Bf1
Rd6 41. b4 Bb6 42. Be5 Re6 43. Bh8 d4 44. exd4 Bxd4 45. Bc4 Rd6 46. Bb3 Bg7 47.
b5 Rd7 48. a4 Bf8 49. Be5 Bb4+ 50. Kf1 Rd3 51. Bc2 Rd2 52. Bb3 Re2 53. Kg1 Re1+
54. Kh2 Rh1# 0-1

[Event "Ð§ÐµÐ¼Ð¿Ð¸Ð¾Ð½Ð°Ñ‚ ÐŸÐ¤Ðž Ð¿Ð¾ ÑˆÐ°Ñ…Ð¼Ð"]
[Site "Ð�Ð°Ð±ÐµÑ€ÐµÐ¶Ð½Ñ‹Ðµ Ð§ÐµÐ»Ð½Ñ"]
[Date "2024.03.23"]
[Round "4.12"]
[White "Ð•Ñ„Ð¸Ð¼Ð¾Ð², Ð›ÐµÐ¾Ð½Ð¸Ð´."]
[Black "Ð˜Ð²Ð°Ð½Ð¾Ð², ÐœÐ°Ñ‚Ð²ÐµÐ¹."]
[Result "1-0"]
[WhiteElo "2058"]
[BlackElo "1968"]
[PlyCount "73"]
[EventDate "2024.03.20"]

1. e4 c6 2. d4 d5 3. Nc3 dxe4 4. Nxe4 Nd7 5. Nf3 Ngf6 6. Nxf6+ Nxf6 7. Ne5 Bf5
8. c3 e6 9. g4 Bg6 10. h4 Bd6 11. Qe2 Bxe5 12. dxe5 Qd5 13. Rh3 Nxg4 14. Qxg4
Bf5 15. Qd4 Qxd4 16. cxd4 Bxh3 17. Bxh3 O-O-O 18. Be3 Rd5 19. Ke2 Rhd8 20. Rg1
g6 21. Bg2 Rb5 22. b3 a5 23. Rb1 Kc7 24. Be4 h5 25. Rc1 a4 26. Bd3 Rbd5 27.
bxa4 Ra8 28. Bc2 Rd7 29. Bb3 Rad8 30. Kd3 Kb8 31. Ke4 Kc7 32. Rc4 Ra8 33. Bd2
b6 34. Bb4 Kb7 35. Bd6 Ra5 36. Kd3 Ra8 37. Bd1 1-0

[Event "Ð§ÐµÐ¼Ð¿Ð¸Ð¾Ð½Ð°Ñ‚ ÐŸÐ¤Ðž Ð¿Ð¾ ÑˆÐ°Ñ…Ð¼Ð"]
[Site "Ð�Ð°Ð±ÐµÑ€ÐµÐ¶Ð½Ñ‹Ðµ Ð§ÐµÐ»Ð½Ñ"]
[Date "2024.03.23"]
[Round "4.13"]
[White "ÐšÐ¾Ð½Ñ�Ñ‚Ð°Ð½Ñ‚Ð¸Ð½Ð¾Ð², Ð�Ð¸ÐºÐ¸Ñ‚Ð°."]
[Black "Ð›Ð¸Ð¿Ð¾Ð²Ð¾Ð¹, Ð”Ð°Ð½Ð¸Ð»Ð°."]
[Result "1-0"]
[WhiteElo "2111"]
[BlackElo "1948"]
[PlyCount "51"]
[EventDate "2024.03.20"]

1. d4 Nf6 2. c4 e6 3. Nc3 Bb4 4. Qc2 O-O 5. Nf3 c5 6. e3 Qc7 7. Be2 d5 8. O-O
Bxc3 9. Qxc3 cxd4 10. Nxd4 a6 11. b3 dxc4 12. Ba3 Rd8 13. Rfd1 b5 14. bxc4 Bb7
15. Rac1 bxc4 16. Bxc4 Nc6 17. Bb3 Rac8 18. Ba4 Qb6 19. Rb1 Nd5 20. Qd2 Qc7 21.
Rdc1 Nb6 22. Bxc6 Bxc6 23. Qa5 Rxd4 24. exd4 Rb8 25. Bc5 Bb5 26. Bxb6 1-0

[Event "Ð§ÐµÐ¼Ð¿Ð¸Ð¾Ð½Ð°Ñ‚ ÐŸÐ¤Ðž Ð¿Ð¾ ÑˆÐ°Ñ…Ð¼Ð"]
[Site "Ð�Ð°Ð±ÐµÑ€ÐµÐ¶Ð½Ñ‹Ðµ Ð§ÐµÐ»Ð½Ñ"]
[Date "2024.03.23"]
[Round "4.14"]
[White "ÐšÐ°Ñ€Ð¿ÐµÑˆÐ¾Ð², ÐžÐ»ÐµÐ³."]
[Black "Ð—Ð¸Ð»o^ÐºÐ¾Ð², ÐœÐ°ÐºÑ�Ð¸Ð¼."]
[Result "1-0"]
[WhiteElo "2216"]
[BlackElo "1731"]
[PlyCount "70"]
[EventDate "2024.03.20"]

1. c4 e5 2. Nc3 Nf6 3. Nf3 Nc6 4. g3 d5 5. cxd5 Nxd5 6. Bg2 Nb6 7. O-O Be7 8.
d3 O-O 9. a3 Be6 10. b4 a5 11. b5 Nd4 12. Bb2 f6 13. Nd2 Nd5 14. Bxd5 Bxd5 15.
e3 Nf5 16. e4 Be6 17. exf5 Bxf5 18. Nde4 Be6 19. Qe2 Qd7 20. f3 Rad8 21. Rfd1
Bb3 22. Re1 Qxd3 23. g4 f5 24. Nf2 Bc5 25. gxf5 Rxf5 26. Nce4 Bb6 27. Kg2 Qd7
28. Ng3 e4 29. Nxf5 exf3+ 30. Qxf3 Bd5 31. Ne4 Rf8 32. Ne7+ Qxe7 33. Nf6+ gxf6
34. Qxd5+ Qf7 35. Qxf7+ Kxf7 1-0

[Event "Ð§ÐµÐ¼Ð¿Ð¸Ð¾Ð½Ð°Ñ‚ ÐŸÐ¤Ðž Ð¿Ð¾ ÑˆÐ°Ñ…Ð¼Ð"]
[Site "Ð�Ð°Ð±ÐµÑ€ÐµÐ¶Ð½Ñ‹Ðµ Ð§ÐµÐ»Ð½Ñ"]
[Date "2024.03.23"]
[Round "4.15"]
[White "Ð’Ð¾Ð»Ñ‹Ð½ÐµÑ†, Ð‘Ð¾Ð³Ð´Ð°Ð½."]
[Black "ÐšÐ°Ð¼Ð¸Ð»Ð¾Ð², Ð”Ð¼Ð¸Ñ‚Ñ€Ð¸Ð¹."]
[Result "0-1"]
[WhiteElo "1929"]
[BlackElo "2030"]
[PlyCount "56"]
[EventDate "2024.03.20"]

1. e4 c5 2. Nf3 d6 3. d4 cxd4 4. Nxd4 Nf6 5. Nc3 a6 6. f3 e6 7. Be3 b5 8. Qd2
Bb7 9. O-O-O Nbd7 10. g4 Nb6 11. h4 Nfd7 12. Rh3 Rc8 13. g5 b4 14. Nb1 d5 15.
exd5 Nxd5 16. f4 Qa5 17. Nb3 Qxa2 18. Bg1 Bd6 19. Bh2 O-O 20. f5 Bxh2 21. Qxh2
exf5 22. Rhd3 N7b6 23. Nd4 Nc4 24. Rb3 Nce3 25. Re1 Nxc2 26. Qxc2 Rxc2+ 27.
Kxc2 Rc8+ 28. Kd3 a5 0-1

[Event "Ð§ÐµÐ¼Ð¿Ð¸Ð¾Ð½Ð°Ñ‚ ÐŸÐ¤Ðž Ð¿Ð¾ ÑˆÐ°Ñ…Ð¼Ð"]
[Site "Ð�Ð°Ð±ÐµÑ€ÐµÐ¶Ð½Ñ‹Ðµ Ð§ÐµÐ»Ð½Ñ"]
[Date "2024.03.23"]
[Round "4.16"]
[White "Ð¥Ð¸Ñ�Ð¼Ð°Ñ‚Ð¾Ð², Ð�ÑƒÑ€Ð»Ð°Ð½."]
[Black "ÐœÐ¸Ñ€Ð·Ð°Ð½ÑƒÑ€Ð¾Ð², Ð‘ÑƒÐ»Ð°Ñ‚."]
[Result "1/2-1/2"]
[WhiteElo "1926"]
[BlackElo "2232"]
[PlyCount "81"]
[EventDate "2024.03.20"]

1. d4 d5 2. Nf3 Nf6 3. c4 dxc4 4. e3 e6 5. Bxc4 c5 6. O-O a6 7. dxc5 Bxc5 8.
Qxd8+ Kxd8 9. Nbd2 Ke7 10. Nb3 Bd6 11. Be2 b6 12. Rd1 Bb7 13. Nfd4 Rc8 14. Bd2
Ne4 15. Be1 Nd7 16. Rac1 g6 17. f3 Nec5 18. Nxc5 Bxc5 19. Rc3 b5 20. Kf1 Ke8
21. Nb3 Bb6 22. e4 f5 23. exf5 gxf5 24. Rxc8+ Rxc8 25. Rc1 Rxc1 26. Nxc1 e5 27.
b3 Ke7 28. Nd3 Kd6 29. Bc3 Be3 30. a4 e4 31. Nb4 bxa4 32. bxa4 a5 33. Nc2 Bb6
34. fxe4 Bxe4 35. Na3 Nc5 36. Nc4+ Kc7 37. Bxa5 Bxa5 38. Nxa5 Nxa4 39. Nc4 Kd7
40. g3 Ke6 41. Kf2 1/2-1/2

[Event "Ð§ÐµÐ¼Ð¿Ð¸Ð¾Ð½Ð°Ñ‚ ÐŸÐ¤Ðž Ð¿Ð¾ ÑˆÐ°Ñ…Ð¼Ð"]
[Site "Ð�Ð°Ð±ÐµÑ€ÐµÐ¶Ð½Ñ‹Ðµ Ð§ÐµÐ»Ð½Ñ"]
[Date "2024.03.23"]
[Round "4.17"]
[White "ÐŸÐ°Ð²Ð»Ð¾Ð²Ñ�ÐºÐ¸Ð¹, Ð¯Ñ€Ð¾Ñ�Ð»Ð°Ð²."]
[Black "ÐšÐ¾Ð·Ð»Ð¾Ð², Ð’Ð»Ð°Ð´Ð¸Ð¼Ð¸Ñ€."]
[Result "1-0"]
[WhiteElo "2288"]
[BlackElo "1930"]
[PlyCount "91"]
[EventDate "2024.03.20"]

1. e4 c5 2. Nf3 d6 3. d4 cxd4 4. Nxd4 Nf6 5. Nc3 a6 6. f4 e5 7. Nf3 Nbd7 8. a4
Be7 9. Bd3 O-O 10. O-O exf4 11. Kh1 Nc5 12. Bxf4 Bg4 13. Qd2 Bh5 14. Nd4 Bg6
15. Nf5 Bxf5 16. exf5 d5 17. Be5 Ncd7 18. Bd4 Bc5 19. Ne2 Re8 20. c3 Bxd4 21.
Nxd4 Nc5 22. Bc2 Qd6 23. Nf3 Rad8 24. a5 Ng4 25. Rae1 Ne4 26. Qd4 Qh6 27. Bxe4
dxe4 28. Rxe4 Nf6 29. Rxe8+ Rxe8 30. Qb6 Ng4 31. Qxh6 Nxh6 32. Nd4 Re5 33. b4
Re3 34. Rc1 Re5 35. Rd1 Kf8 36. h3 Nxf5 37. Nxf5 Rxf5 38. Rd7 Rb5 39. Kg1 b6
40. Rb7 Ke8 41. Rxb6 Rxb6 42. axb6 Kd7 43. c4 Kd6 44. c5+ Kc6 45. g4 Kb7 46. g5
1-0

[Event "Ð§ÐµÐ¼Ð¿Ð¸Ð¾Ð½Ð°Ñ‚ ÐŸÐ¤Ðž Ð¿Ð¾ ÑˆÐ°Ñ…Ð¼Ð"]
[Site "Ð�Ð°Ð±ÐµÑ€ÐµÐ¶Ð½Ñ‹Ðµ Ð§ÐµÐ»Ð½Ñ"]
[Date "2024.03.23"]
[Round "4.18"]
[White "Ð˜Ð»o^ÑˆÐ¸Ð½, Ð¯Ñ€Ð¾Ñ�Ð»Ð°Ð²."]
[Black "ÐœÐ°Ñ‚Ð²ÐµÐµÐ²Ð°, ÐžÐ»ÑŒÐ³Ð°."]
[Result "1/2-1/2"]
[WhiteElo "1795"]
[BlackElo "2156"]
[PlyCount "86"]
[EventDate "2024.03.20"]

1. e4 c5 2. Nf3 Nc6 3. d4 cxd4 4. Nxd4 Nf6 5. Nc3 e5 6. Ndb5 d6 7. Nd5 Nxd5 8.
exd5 Nb8 9. c4 Be7 10. f4 O-O 11. fxe5 a6 12. Nc3 Nd7 13. Be2 Nxe5 14. O-O f5
15. Be3 b6 16. Na4 Rb8 17. Qb3 Nd7 18. Bd3 b5 19. cxb5 axb5 20. Bxb5 Ba6 21.
Nc3 f4 22. Bd4 Bf6 23. Bxf6 Rxf6 24. a4 Ne5 25. Qc2 Bxb5 26. Nxb5 f3 27. g3 Ng4
28. Qe4 Qb6+ 29. Nd4 h5 30. b3 Qb4 31. Ra2 Rc8 32. a5 Ra8 33. a6 Qb6 34. Ra4
Rxa6 35. Rxa6 Qxa6 36. Nxf3 Qb6+ 37. Nd4 Rxf1+ 38. Kxf1 Qa6+ 39. Ne2 Ne5 40.
Kg2 Qa2 41. b4 Qb2 42. h3 g6 43. Kf2 Kg7 1/2-1/2